00634nam a2200217 i 450000100060000000300090000600500170001500700030003200800410003502000180007608000120009410000340010624500880014025000120022826000380024030000220027849000260030065100310032683000260035785200330038392576ES-MaACL20240524062956.0t|050401s2005 sp ||||1| spa d a84-96136-93-0 a94(410)0 aChesterton, G. K.,d1874-193610aBreve historia de Inglaterra / cG.K. Chesterton ; traducción de Miguel Temprano. a1ª ed. aBarcelona : bAcantilado, c2005. a250 p. ; c21 cm.1 aEl Acantilado ; v104 4aGran Bretaña-xHistoria.0 aEl Acantilado ; v104 aES-MaACLjE-10902 bR.135692